00644nam a2200181 a 450000100100000000500170001000800410002704000250006808200190009310000270011224500770013925000110021626000460022730000220027370000330029595201170032899900170044500003809320201002031155.0130313s2004 dr 000 0 spa d aDO-SdBNPbspacBNPHU axxxxxxbxxxxxx1 aArvelo, Alejandro914713aLa filosofía del silencio /cAlejandro Arvelo ; editor Rafael Paulino. a4a ed. aSanto Domingo :bImpresos Paulino,c2004. a31 p. : ;c21 cm.1 aPaulino, Rafael,eed.917485 0010718PDaPDbPDcHDd2013-03-13iLF1l0oxxxxxx xxxxxxp38093-10r2020-06-25w2020-06-25yLFPDZNo se presta c37583d37583